Designing messages for Development Communication : an Audience Participation-based approach (Record no. 877)
[ view plain ]
| 000 -LEADER | |
|---|---|
| Fixed length control field | 00504nam a2200169 4500 |
| 003 - CONTROL NUMBER IDENTIFIER | |
| Control field | SEACOMMC |
| 005 - DATE AND TIME OF LATEST TRANSACTION | |
| Control field | 20250428114754.0 |
| 008 - FIXED-LENGTH DATA ELEMENTS--GENERAL INFORMATION | |
| Fixed length control field | 241214b |||||||| |||| 00| 0 eng d |
| 020 ## - INTERNATIONAL STANDARD BOOK NUMBER / ISBN | |
| International Standard Book Number | 81-7036-251-2 |
| Price | Rs.350.00 |
| 040 ## - CATALOGING SOURCE | |
| Original cataloging agency | SEACOMMC |
| 082 ## - DEWEY DECIMAL CLASSIFICATION NUMBER | |
| Classification number | 302.2 |
| Book Number | M 692 |
| 100 ## - MAIN ENTRY--PERSONAL NAME | |
| Personal name | Mody, Bella. |
| 245 1# - TITLE STATEMENT | |
| Title | Designing messages for Development Communication : an Audience Participation-based approach |
| Statement of responsibility | Bella Mody |
| 260 ## - IMPRINT | |
| Place of publication | New Delhi |
| Name of publisher | Sage Publications |
| Date of publication | 1991 |
| 650 ## - SUBJECT ADDED ENTRY--TOPICAL TERM | |
| Topical term | Mass media |
| 942 ## - ADDED ENTRY ELEMENTS (KOHA) | |
| Koha item type | Books |
| Withdrawn status | Lost status | Source of classification | Damaged status | Not for loan | Home library | Current library | Shelving location | Date acquired | Total Checkouts | Call number | Accession number | Date last seen | Price effective from | Koha item type |
|---|---|---|---|---|---|---|---|---|---|---|---|---|---|---|
| Dewey Decimal Classification | SEACOM MANAGEMENT COLLEGE | SEACOM MANAGEMENT COLLEGE | Reference | 06/12/2007 | 302.2 M 692 | M-1189 | 14/12/2024 | 14/12/2024 | Books |
